000 00731nam a2200193Ia 4500
003 GCL
008 140319s9999 xx 000 0 ara d
040 _aGCL /
_cGCL
082 0 4 _a239.9
_bا ع
100 1 _aابى الفرج عبدالرحمن بن الجوزى
245 1 0 _aمناقب امير المؤمنين عمر بن الخطاب /
_cابى الفرج عبدالرحمن بن الجوزى
300 _a349 ص
490 _aالهيئة العامة للاستعلامات
_v0
650 0 4 _aعمر بن الخطاب
650 0 4 _aالصحابة والتابعون
650 0 4 _aالصحابة والتابعون - تراجم
650 0 4 _aالسيرة النبوية - تراجم الصحابة
942 _2ddc
_cBK
999 _c47955
_d47955